| 000 | 00728 a2200229 4500 | ||
|---|---|---|---|
| 005 | 20260327122523.0 | ||
| 008 | 260327b |||||||| |||| 00| 0 eng d | ||
| 020 | _a9789366912165 (hbk) | ||
| 037 | _cTB | ||
| 040 |
_aCRL _cCRL |
||
| 041 |
_2URD _aURD |
||
| 084 |
_aO168,3:g R5 _bCRL |
||
| 100 |
_aKashmiri, Riyaz Tauheedi _91115188 |
||
| 245 |
_aJahan-e-afsana: _bfunni wa takhleeqi tajziya |
||
| 260 |
_aDelhi, India: _bArshia Publications, _c2025. |
||
| 300 | _a383p. | ||
| 365 |
_b500.00 _cINR |
||
| 650 | _aUrdu Literature | ||
| 650 | _aUrdu Fiction | ||
| 942 |
_cTB _2CC _hO168,3:g R5 |
||
| 999 |
_c1679300 _d1679300 |
||